000 00562nam a2200193 a 4500
001 000011838
005 20240530073912.0
008 091028s2000 dr 000 f spa d
040 _aDO-SdBNP
_bspa
_cBNPHU
082 _aRD863.44
_bC298m
100 1 _aCarpio, José
_928008
245 1 0 _aMujer codiciada /
_cJosé Carpio.
260 _aSanto Domingo :
_bEdiciones Universo,
_c2000.
300 _a300 p. ;
_c22 cm.
650 0 _aNovela dominicana
_9223
650 0 _aLiteratura dominicana.
_967
910 _aValidado. Control de calidad BNPHU.
049 _aBNPD
999 _c11512
_d11512